Filosofía de la ciencia
Gorde:
| Egile nagusia: | |
|---|---|
| Formatua: | Liburua |
| Hizkuntza: | gaztelania |
| Argitaratua: |
Ciudad de México, México
Herrero Hermanos
1965
|
| Gaiak: | |
| Etiketak: |
Etiketa erantsi
Etiketarik gabe, Izan zaitez lehena erregistro honi etiketa jartzen!
|
MARC
| LEADER | 00000nam a2200000 a 4500 | ||
|---|---|---|---|
| 001 | UCT5436 | ||
| 003 | CL-VaPUC | ||
| 005 | 20210903074409.0 | ||
| 008 | 961211e19651000MX |||||||||||||||||spa|d | ||
| 999 | |c 254372 |d 254370 | ||
| 040 | |c Pontificia Universidad Católica de Valparaíso | ||
| 082 | 0 | 4 | |a 501 FRA 1965 |2 21 |
| 100 | 0 | |a Frank, Philipp |9 374895 | |
| 245 | 1 | 0 | |a Filosofía de la ciencia |
| 260 | 0 | 3 | |a Ciudad de México, México |b Herrero Hermanos |c 1965 |
| 300 | |a 335 páginas | ||
| 583 | |a last modification |c 19961211 00:00:00 |k Rodrigo Vera | ||
| 650 | 0 | |a Filosofía de las ciencias |9 256466 | |
| 650 | 0 | |a Filosofía |9 223554 | |
| 650 | 0 | |a Ciencia |9 255691 | |
| 650 | 0 | |a Movimiento |9 322237 | |
| 650 | 0 | |a Cosmología |9 269138 | |
| 650 | 7 | |a TEORIA ATOMICA |2 CL-VaPUC |9 313933 | |
| 942 | |c BK |2 ddc | ||
| 945 | |d 19961211 00:00:00 |a paguirre | ||
| 952 | |0 0 |1 0 |2 ddc |4 0 |6 501_000000000000000_FRA_1965 |7 0 |8 A |9 276018 |a BIBCUR |b BIBCUR |d 2019-11-19 |i 1795724 |o 501 FRA 1965 |p 1795724 |r 2025-04-22 |t 1 |w 2019-11-19 |y BK |k BIO | ||